000 00930cab a2200265 4500
001 ABS40341
008 090401t1989 xxu||||| |||| 00| 0 eng d
035 _a(Sirsi) u23184
041 _aeng
100 _aHannay, P.
245 _aCity turns the corner
260 _c1989
350 _a0
490 _aArchitects` Journal
_v189(7) 15 February 1989, 36-57
520 _aBuilding feature on the refurbishment of 62-64 Cornhill in the City of London , the Edwardian facade of which has been retained. Includes a cost analysis from 1911, when the building was originally completed. Includes sections on the external walls and the partition walls. Plans, photos.
650 _aBUILT ENVIRONMENT-BUILDING COSTS
650 _aCLADDING
650 _aFACADE RETENTION
650 _aGREYCOAT
650 _aHISTORIC BUILDINGS
690 _aRefurbishment
_96264
700 _aJudd, R.
942 _n0
948 _c04/03/1997
999 _c15518
_d15518